[Event "Gothenburg Manhem"]
[Site "Gothenburg"]
[Date "2012.08.17"]
[Round "9"]
[White "Nyback, Tomi"]
[Black "Berg, Emanuel"]
[Result "0-1"]
[WhiteElo "2638"]
[BlackElo "2576"]
[Annotator "Berg,E"]
[PlyCount "80"]
[EventDate "2012.08.11"]
[EventType "tourn"]
[EventRounds "9"]
[EventCountry "SWE"]
[EventCategory "9"]
[SourceTitle "CBM 149 Extra"]
[Source "ChessBase"]
[SourceDate "2012.08.24"]
[SourceVersion "1"]
[SourceVersionDate "2012.08.24"]
[SourceQuality "1"]

1. d4 Nf6 2. c4 e6 3. Nf3 c5 {Into the this final game of the tournament a win
was badly needed for me to be able to catch up with the sole leader Rozentalis.
In Fischer style I intended to bring out "The son of Sorrow" Benoni to
surprise Nybäck.} 4. g3 {Nybäck decided to decline my challenge for a sharp
battle and went for a Catalan.} cxd4 5. Nxd4 Qc7 6. Nc3 {It was now clear to
me that my opponent rather wanted to be on the active side and even sacrifice
a pawn for it. However it is wise not to grab this pawn too early for Black.}
a6 (6... Qxc4 $6 {runs into trouble after} 7. e4 Qc7 8. Bf4 Qd8 9. Ndb5 Na6 10.
Nd6+ Bxd6 {when} 11. Bxd6 $1 $146 {would be an improvement upon} (11. Qxd6 $14
{0-1 (60) Berkemer,R (1925)-Olofsson Dolk,M Helsingor 2009. After 11.Bxd6 my
friend Houdini claims that White is already winning, which is not a big
surprise.})) 7. Bg2 Qxc4 {I grabbed this pawn pretty quickly, having in mind a
game of mine against Vadims Daskevics from 2010. In a similar position I also
grabbed that c4-pawn and managed to defend and eventually convert my advantage
into a win. White obviously has compensation, but there is nothing very
concrete.} 8. O-O Nc6 9. Nb3 (9. Be3 Ng4 $1) 9... Qb4 $6 {It felt logical to
me to try to get the queen back into safety immediately. However it seems that
Black doesn't have time for this here. Better was} (9... d5 {which is the main
move and has been played by Kramnik, Leko, Svidler and Alekseev among others.})
(9... Be7 {and}) (9... Bb4 {are two other fully playable moves.}) 10. e4 $146 {
A novelty. The only previous game saw} (10. a3 Qd6 11. Qc2 Qc7 12. e4 Be7 {
when Black managed to defend and eventually convert his extra pawn into a full
point in 0-1 (58) Maki,J (2280)-Gurevich,D (2545) Las Vegas 1994.}) 10... Qb6
$6 (10... h5 $5 {might have been an improvement, keeping the queen flexible on
b4 for the moment.}) 11. Be3 $6 ({A stronger move was} 11. Bf4 $1 {when
White's strong initiative gives him a slight edge. Black's best now seems to be
} h5 $1 {in order to create some squares for the knight on f6. However after}
12. Rc1 {White is well ahead in development and has more than enough for the
sacrificed pawn.}) 11... Qd8 12. Nd5 $5 {An interesting try, but Black can
simply liquidate material like in the game when White still has compensation,
but not more than that.} ({A more challenging try was} 12. Rc1 {keeping Nd5 as
an option for later.}) 12... exd5 13. exd5 Bb4 $1 ({The alternative} 13... Bd6
14. dxc6 dxc6 15. Bb6 $1 Qxb6 (15... Bc7 $2 16. Qe1+ $1 Be6 17. Rd1 $16) 16.
Qxd6 Be6 {looks very risky for Black who is not able to castle.} 17. Rfe1 Rd8
18. Qa3) 14. dxc6 ({After} 14. a3 {it's a different story, since now the
knight on b3 is loose.} Bd6 15. dxc6 dxc6 16. Bb6 Qxb6 17. Qxd6 Qxb3 $1 18.
Bxc6+ bxc6 19. Qxc6+ Ke7 20. Qxa8 Rd8 $1 $132 {with mutual chances, but
objectively speaking Black is rather somewhat better.}) 14... bxc6 15. a3 Be7
16. Nd4 {White hurries to exchange the black e7-bishop for his knight. This
gives full compensation for a pawn, but perhaps the quiet} (16. Qc2 $5 O-O 17.
Rad1 $44 {would have brought even more. Although there are still no concrete
threats from White, Black has difficulties solving the problem of his c8
bBishop and White's piece play is powerful.}) 16... O-O 17. Nf5 (17. b4 $5 $44)
17... d5 18. Nxe7+ Qxe7 19. Rc1 Bg4 $6 {A logical developing move in a way,
but there is a drawback.} (19... Qe6 {was better:} 20. Re1 Re8 {when White has
full compensation, but Black remains solid and keeps his extra pawn.}) 20. Qa4
$6 ({The seemingly drawish} 20. Bc5 {would actually bring White some winning
chances after} Qxc5 21. Rxc5 Bxd1 22. Rxd1 Rfb8 (22... Rfc8 23. Rdc1 a5 24.
Rxc6 $14) 23. Rxc6 Rxb2 24. Bxd5 Nxd5 25. Rxd5 {and due to the back rank
problem, Black will lose his a6-pawn and has to fight for a draw a pawn down.}
g6 26. Ra5 $14) 20... Qb7 21. Bd4 Bd7 22. Qc2 {White transfers his queen to c3
to put further pressure against f6 and g7.} Rfe8 23. Qc3 Re6 24. Rfe1 Rae8 25.
Rxe6 Rxe6 26. Bh3 Re4 $1 {A nice defensive resource. Here Nybäck totally
missed the main point of this move and kindly allowed me to enter a superior
ending.} 27. Bxd7 $2 (27. Bg2 {would force a repetition from Black while after}
) (27. Bf1 $1 $14 {[%csl Ra6,Rc6,Gd4,Gf1] White could even claim a small
advantage despite the minus pawn. The superior pair of bishops in combination
with Black's many weaknesses gives White the upper hand.}) 27... Qxd7 28. Bxf6
Rc4 {The moves missed by Nybäck.} 29. Qd2 $2 {White continues the bad trend.
Instead} (29. Qxc4 $1 dxc4 30. Bc3 {would have brought him excellent drawing
chances, thanks to the blockade on the queenside.} g5 $1) ({Worse is} 29. Bxg7
Rxc3 30. Bxc3 d4 $17 {when Black's passed d-pawn is likely to bring him
victory.}) 29... Rxc1+ 30. Qxc1 gxf6 {I regard this endgame as winning for
Black, although it's not yet all that simple.} 31. Qf4 Kg7 32. Kf1 (32. Qa4 d4
$1 33. Qxa6 d3 34. Qa4 Qe6 $1 35. Kg2 h5 $1 $19 {[%cal Gd3d2]} 36. Qd4 Qe2 37.
Qc4 Qd1 {[%cal Gd3d2]} (37... Qc2 38. Qe4)) 32... c5 33. Qe3 Qb5+ 34. Ke1 a5 $1
{Black takes more space on the queenside to hold down White's weakness, the
b2-pawn.} 35. Kd1 $6 (35. b3 {was better, when} a4 {is not all that clear and
would at least give White much better practical chances than the game, e.g.} (
35... h5 $5) 36. bxa4 Qb1+ {[%csl Gc5,Gd5]} 37. Kd2 Qb2+ 38. Kd1 c4 39. Qf3
Qd4+ 40. Kc2 h5 $1 {when things looks good for Black, but it's still not all
over.}) 35... a4 36. Qf4 h5 $1 37. Kc1 Qf1+ 38. Kd2 Qb5 39. Kc1 Qf1+ 40. Kd2
Qb1 {The time trouble was over and now Black's win is rather obvious.} (40...
Qb1 41. Qb8 (41. Qxa4 Qxb2+ 42. Ke1 c4 $19) 41... c4 42. Qb5 d4 $1 43. Qxc4
Qxb2+ 44. Ke1 Qxa3 45. Qxd4 Qc1+ 46. Ke2 a3 $19 {A nice victory for me after
an interesting fighting game. Finally I managed to catch up with Rozentalis
and claim the first place on the better tiebreak.}) 0-1

[Event "BCF-ch"]
[Site "Dundee"]
[Date "1993.??.??"]
[Round "6"]
[White "Murugan, Krishnamoorthy"]
[Black "Kumaran, Dharshan"]
[Result "0-1"]
[WhiteElo "2430"]
[BlackElo "2425"]
[Annotator "Bulletin"]
[PlyCount "64"]
[EventDate "1993.08.??"]
[EventType "swiss"]
[EventRounds "11"]
[EventCountry "SCO"]
[SourceTitle "CBM 038"]
[Source "ChessBase"]
[SourceDate "1994.02.01"]
[SourceVersion "1"]
[SourceVersionDate "1994.02.01"]
[SourceQuality "1"]

1. Nf3 Nf6 2. c4 c5 3. Nc3 e6 4. d4 cxd4 5. Nxd4 Bb4 6. e3 Ne4 7. Qc2 Nxc3 8.
bxc3 Be7 9. Bd3 h6 10. Rb1 (10. e4) 10... Na6 11. Be4 Nc5 12. Bf3 Rb8 13. O-O
a6 14. Ba3 Qc7 15. Nb3 d6 16. Rfd1 Bd7 17. Rd2 O-O 18. Rbd1 $6 (18. Nxc5 dxc5
$15) 18... Ba4 $1 19. Bxc5 dxc5 20. Qc1 Bf6 21. Qa3 b5 22. cxb5 axb5 23. c4 Bc3
$2 24. Rd7 (24. Rc2 Bb4 25. Qc1 bxc4 $17) 24... Qe5 25. cxb5 Bxb5 26. Ra7 Rbc8
27. Qc1 Rfd8 28. a4 Be8 29. Nd2 c4 30. Ne4 Rxd1+ 31. Qxd1 Bb4 32. Rb7 c3 (32...
c3 $1 33. Rxb4 c2 34. Qc1 Qa1 $1 $19) 0-1

[Event "Andorra op 15th"]
[Site "Andorra"]
[Date "1997.??.??"]
[Round "3"]
[White "Djuric, Stefan"]
[Black "Kovacevic, Slobodan"]
[Result "1/2-1/2"]
[WhiteElo "2535"]
[BlackElo "2420"]
[Annotator "Bulletin"]
[PlyCount "73"]
[EventDate "1997.07.??"]
[EventType "swiss"]
[EventRounds "9"]
[EventCountry "AND"]
[SourceTitle "CBM 058 Extra"]
[Source "ChessBase"]
[SourceDate "1997.07.29"]
[SourceVersion "1"]
[SourceVersionDate "1997.07.29"]
[SourceQuality "1"]

1. d4 Nf6 2. c4 e6 3. Nc3 c5 4. Nf3 cxd4 5. Nxd4 Qc7 6. Ndb5 Qxc4 7. e4 Qc6 8.
Be3 Bb4 9. a3 Bxc3+ 10. Nxc3 O-O 11. Rc1 Na6 12. f3 (12. Nd5 exd5 13. Rxc6 bxc6
$44) 12... Qc7 13. Nb5 Qe5 14. Bd4 Qg5 15. Nd6 Rd8 16. Qd2 Qxd2+ 17. Kxd2 Ne8
18. Nxc8 Rdxc8 19. Rxc8 Rxc8 20. Bxa7 Nc5 21. Bxc5 Rxc5 22. b4 Rc8 23. Bd3 Kf8
24. a4 e5 25. a5 Nd6 26. Rc1 $6 Rxc1 27. Kxc1 Nc8 28. Bc4 Ke7 29. Bd5 b5 30. h4
f6 31. Kd2 Kd8 32. g3 Kc7 33. f4 d6 34. Bf7 Na7 35. Bd5 Nc8 36. Bf7 Na7 37. Bd5
1/2-1/2

[Event "Buenos Aires"]
[Site "Buenos Aires"]
[Date "1980.??.??"]
[Round "?"]
[White "Andersson, Ulf"]
[Black "Timman, Jan H"]
[Result "1/2-1/2"]
[WhiteElo "2590"]
[BlackElo "2600"]
[Annotator "Chekhov,V"]
[PlyCount "27"]
[EventDate "1980.10.15"]
[EventType "tourn"]
[EventRounds "13"]
[EventCountry "ARG"]
[EventCategory "13"]
[SourceTitle "MCL"]
[Source "ChessBase"]
[SourceDate "1999.07.01"]
[SourceVersion "1"]
[SourceVersionDate "1999.07.01"]
[SourceQuality "1"]

1. Nf3 c5 2. c4 Nc6 3. d4 cxd4 4. Nxd4 e6 5. e3 $6 (5. g3 $5) (5. Nc3 $5) 5...
Nf6 6. Be2 Bb4+ $1 7. Bd2 (7. Nc3 Ne4 8. Ndb5 a6 9. O-O axb5 10. Nxe4 bxc4 11.
Nd6+ Bxd6 12. Qxd6 b5) 7... Be7 8. Nc3 O-O 9. O-O d5 $10 10. cxd5 Nxd4 (10...
Nxd5 $6 11. Nxc6 bxc6 12. Rc1 $14) 11. exd4 Nxd5 12. Qb3 $6 (12. Bf3 $5 Bf6 13.
Nxd5 exd5 14. Bf4 Re8 (14... Qb6 $1 15. Be5 Bxe5 16. dxe5 Rd8 $1 17. Qd2 Bf5
$13) 15. Qb3 $14) 12... Bf6 $1 13. Nxd5 (13. Bf3 Bxd4 14. Nxd5 exd5 15. Bxd5
Qf6 $10) 13... Qxd5 14. Qxd5 (14. Qxd5 exd5 15. Be3 (15. Bf3 Bxd4 16. Bxd5 Bxb2
17. Rab1 Bd4 18. Bxb7 Bxb7 19. Rxb7 Rfe8 20. Be3 $1 $10) 15... Bf5 16. Bf3 Be4
$15) 1/2-1/2

[Event "Buenos Aires"]
[Site "Buenos Aires"]
[Date "1980.??.??"]
[Round "?"]
[White "Quinteros, Miguel Angel"]
[Black "Kavalek, Lubomir"]
[Result "0-1"]
[WhiteElo "2515"]
[BlackElo "2600"]
[Annotator "Chekhov,V"]
[PlyCount "90"]
[EventDate "1980.10.15"]
[EventType "tourn"]
[EventRounds "13"]
[EventCountry "ARG"]
[EventCategory "13"]
[SourceTitle "MCL"]
[Source "ChessBase"]
[SourceDate "1999.07.01"]
[SourceVersion "1"]
[SourceVersionDate "1999.07.01"]
[SourceQuality "1"]

1. Nf3 Nf6 2. c4 c5 3. d4 cxd4 4. Nxd4 e6 5. g3 a6 6. Bg2 Qc7 7. b3 (7. Qa4 Bc5
(7... Nc6 $5) 8. Nb3 Be7 9. Bf4 e5 10. Bg5 O-O 11. Nc3 d6 12. Bxf6 Bxf6 13. Nd5
Qd8 14. Rd1 Nc6 15. Qa3 $16 {Knezevic,M-Peev,P/Stary Smokovec/1974/}) 7... Bb4+
8. Bd2 Be7 (8... Bc5 $5 9. Nc2 d5 10. cxd5 Nxd5 11. O-O O-O 12. e4 Ne7 13. Nc3
Nbc6 14. Rc1 Rd8 {Pytel,K-Savon,V/Dortmund/1975/0,5 (14)/}) 9. Nc3 Nc6 10. e3 (
10. Nc2 $5 O-O 11. O-O Rd8 12. e4) 10... O-O 11. O-O Rd8 12. Qe2 d5 13. cxd5
exd5 14. Nxc6 (14. Rac1 Ba3 15. Rc2 $140 Nxd4 (15... Nb4 16. Nxd5) 16. exd4 Bf5
) 14... bxc6 15. Rac1 Ba3 16. Rcd1 (16. Rc2 Bf5 17. e4 Re8 $36) 16... a5 $1 17.
Rfe1 Bg4 (17... Ba6 18. Qf3 Bd3 {/\ Bc2} 19. Bc1) 18. Bf3 Bxf3 19. Qxf3 Bb4 20.
Rc1 $6 (20. Qf5 $5 {/\ Rc1}) 20... Ne4 $1 21. Red1 (21. Nxe4 $4 dxe4 $19) 21...
Qe5 22. Nb1 (22. Qf4 $4 Nxd2 $1 23. Rxd2 (23. Qxe5 Nf3+ $19) 23... Bxc3 $19)
22... c5 $17 23. Bxb4 (23. Qf4 Qb2 $1) 23... axb4 24. Rc2 Ng5 $1 25. Qg2 (25.
Qf4 $4 Nh3+ $19) (25. Qg4 h5 $1 26. Qxh5 Qf5 {/\ Qc2,Nf3}) (25. Qe2 Qe4 {/\ Nh3
}) 25... Qf5 26. Rdc1 (26. Rxc5 Rxa2 {/\ Nh3}) 26... c4 27. bxc4 dxc4 28. f4 (
28. Rxc4 Rxa2 {/\ Nh3}) 28... b3 $1 29. axb3 cxb3 30. Rc5 Nh3+ 31. Kf1 (31. Kh1
Qxc5 32. Rxc5 Rd1+ $19) 31... Qd3+ 32. Qe2 Qe4 33. Qg2 Qd3+ $6 (33... Qxe3 $5
34. R5c3 (34. Qxa8 $4 Qf2#) (34. Qxh3 Ra2 {/\ Qf2}) 34... Qe6 35. Rc6 Qf5 $19)
34. Qe2 Qxe2+ 35. Kxe2 Ra2+ 36. Kf3 g6 37. g4 Nf2 38. Rb5 (38. Nc3 Rad2 39. Nb1
Rb2) 38... Nd3 39. Rc3 b2 40. Rbb3 Ra1 $19 41. Nd2 (41. Rxd3 Rxd3 42. Rxd3 Rxb1
43. Rb3 Rf1+ $19) 41... Ne1+ 42. Ke2 Rxd2+ 43. Kxd2 b1=Q 44. Rxb1 Rxb1 45. Ke2
Ng2 0-1

[Event "Esbjerg North Sea Cup-09"]
[Site "Esbjerg"]
[Date "1985.07.??"]
[Round "10"]
[White "Hansen, Curt"]
[Black "Hjartarson, Johann"]
[Result "1-0"]
[WhiteElo "2500"]
[BlackElo "2505"]
[Annotator "ChessBase"]
[PlyCount "77"]
[EventDate "1985.07.??"]
[EventType "tourn"]
[EventRounds "11"]
[EventCountry "DEN"]
[EventCategory "9"]
[SourceTitle "EXT 2000"]
[Source "ChessBase"]
[SourceDate "1999.11.16"]
[SourceVersion "1"]
[SourceVersionDate "1999.11.16"]
[SourceQuality "1"]

1. d4 Nf6 2. c4 c5 3. Nf3 cxd4 4. Nxd4 e6 5. Nc3 Bb4 6. Bd2 O-O 7. a3 Bxc3 (
7... Be7 8. Bf4 (8. g3 $6 Qb6 $1)) 8. Bxc3 Ne4 9. Qc2 d5 10. e3 Nxc3 (10... Nc6
11. cxd5 exd5 12. Be2 $14 (12. Bd3 Nxc3 13. Qxc3 Qg5 $1 14. Nf3 Qxg2 15. Rg1 d4
$15)) 11. Qxc3 dxc4 12. Bxc4 b6 $6 (12... Bd7 $1 13. O-O Nc6 14. Rfd1 Nxd4 15.
Rxd4 Qe7 $10) 13. O-O Bb7 14. Bxe6 $1 fxe6 15. Nxe6 Qf6 16. Qxf6 Rxf6 17. Nc7
Nd7 18. Nxa8 Bxa8 19. Rfd1 $6 (19. Rac1 $1 Bc6 20. Rc3 a5 $1 (20... Nc5 21. f3
a5 22. b4 $16) 21. Rfc1 Bb5 $14) 19... Bc6 20. f3 Kf7 21. Rac1 Ke7 $10 22. Rc3
a5 23. b3 Rd6 $2 (23... g5 $1 24. h3 h5 $132) 24. Rxd6 Kxd6 25. Kf2 Bd5 (25...
Nc5 26. e4 b5 27. b4 axb4 28. axb4 Na6 29. Rb3 Ke5 30. Ke3 $16) 26. e4 Be6 27.
Ke3 b5 (27... Nc5 28. b4 axb4 29. axb4 Na6 30. Rd3+ Kc6 31. Rd4 Kb5 32. Rd6 Bc8
33. Rd8 Be6 34. Re8 Bc4 35. Re7 $16) 28. b4 $16 a4 29. Kd4 Ne5 30. Rc5 Nc4 31.
Rxb5 Nxa3 32. Rb6+ Kd7 33. Ra6 Bb3 34. e5 Nc2+ 35. Kc3 Ne3 36. b5 Nd5+ 37. Kb2
Bc4 $2 38. Rd6+ Kc7 (38... Ke7 39. b6 $18) 39. Rc6+ 1-0

[Event "Benasque op 18th"]
[Site "Benasque"]
[Date "1998.??.??"]
[Round "9"]
[White "Cifuentes Parada, Roberto"]
[Black "Conquest, Stuart"]
[Result "1-0"]
[WhiteElo "2505"]
[BlackElo "2480"]
[Annotator "Cifuentes Parada,L"]
[PlyCount "111"]
[EventDate "1998.07.??"]
[EventType "swiss"]
[EventRounds "9"]
[EventCountry "ESP"]
[SourceTitle "CBM 066"]
[Source "ChessBase"]
[SourceDate "1998.09.30"]
[SourceVersion "1"]
[SourceVersionDate "1998.09.30"]
[SourceQuality "1"]

1. d4 e6 2. Nf3 c5 3. c4 cxd4 4. Nxd4 a6 5. Nc3 Nf6 6. Bg5 Qa5 $6 (6... h6 7.
Bxf6 Qxf6 8. e3 Nc6 9. Be2 Bb4 10. O-O Bxc3 11. bxc3 e5 12. Nf3 d6 13. Qb3 O-O
14. Rfd1 Qe7 15. Rab1 Rd8 16. Rb2 Bd7 17. Rbd2 Bg4 18. h3 Bxf3 19. Bxf3 e4 20.
Be2 Rac8 21. Qa3 Ne5 22. Rxd6 Rxd6 23. Qxd6 Qxd6 24. Rxd6 Nxc4 25. Rd4 Nb2 26.
Rxe4 Rxc3 27. Re8+ Kh7 28. Re7 Rc1+ 29. Kh2 Rc2 30. Bf3 Rxf2 31. Rxf7 Kg8 32.
Rxb7 Kf8 33. Ra7 Nc4 34. Rxa6 Nxe3 35. a4 Ra2 36. a5 Nf1+ 37. Kg1 Nd2 38. Bd5
Ra1+ 39. Kf2 Nb1 40. Ra7 Nc3 41. Bc4 Ra3 42. a6 Ne4+ 43. Kg1 Ra1+ {1-0 Gulko,
B-Gurgenidze,B/Volgodonsk 1981/MCD-ch (43)}) (6... Nc6 7. e3 Qa5 8. Bxf6 gxf6
9. Rc1 {see the game.}) (6... Be7 7. e3 O-O (7... Qa5 8. Bh4 Ne4 9. Bxe7 Nxc3
10. Qd2 Kxe7 11. Ne2 $14) 8. Bd3 $5 (8. Be2 Qc7 9. O-O d6 10. Rc1 Nc6 11. Bxf6
Bxf6 12. Nd5 exd5 13. cxd5 Bxd4 14. exd4 Qb6 15. dxc6 bxc6 16. Qc2 Be6 17. b3
Qxd4 18. Qxc6 a5 19. Rfd1 Qe5 20. Ba6 Qb2 21. Bb7 Rab8 22. Rc2 Qa3 23. Ba6 d5
24. Qc5 Qb4 25. f3 a4 26. Qxb4 Rxb4 27. bxa4 Rxa4 28. Bb5 Ra3 29. Rd4 Rfa8 30.
Rdd2 d4 31. Rxd4 Rxa2 {1/2-1/2 Rivas Pastor,M-Illescas Cordoba,M/Leon 1989/EXT
89 (31)}) 8... d6 9. O-O Nbd7 10. f4 $5 Re8 11. Qf3 Qc7 12. Rac1 Bf8 13. Ne4
Nxe4 14. Qxe4 g6 15. Bb1 Bg7 16. b4 h6 17. Bh4 Nf8 18. f5 $1 e5 19. fxg6 fxg6
20. Rxf8+ $1 Bxf8 21. Qxg6+ Qg7 22. Qxe8 $18 {Petrovic,D-Muhtarov,L/Djakovo
1994/EXT 94op (43)}) 7. Bxf6 (7. Bh4 $6 Bb4 8. Qb3 Ne4 9. Rc1 Nc6 10. e3 Qh5 $1
11. Nf3 g5 12. Bg3 Nxg3 13. fxg3 g4 14. Nd2 Qe5 15. Nd1 h5 $17 {0-1 Fernandez,
M-Nasjleti,E/Buenos Aires 1992/EXT 97 (35)}) 7... gxf6 8. Rc1 $1 (8. e3 Bb4 $1)
8... Nc6 (8... Bb4 9. a3) 9. e3 Rg8 10. g3 h5 11. Bg2 h4 12. O-O hxg3 13. hxg3
f5 14. c5 $1 {x Qa5, b6} Rb8 (14... Qxc5 $2 15. Nd5 $18) (14... Bxc5 $2 15. Nb3
Qb4 16. a3 Qb6 17. Na4 $18) 15. a3 $1 (15. Na4 $6 Nxd4 16. exd4 f4 $1 17. gxf4
$6 b5 $1 18. cxb6 Qd5 19. f3 Bg7 $17) 15... Qd8 16. b4 Ne5 17. Qe2 Qf6 18. Rfd1
Qh6 19. Na4 Ng4 20. Nb6 (20. Nf3 e5 21. Nb6 Be7 22. Qd2 Qe6 $16) 20... Be7 21.
Nf3 e5 22. Rd5 $1 Qh8 (22... e4 23. Nd4 f4 (23... Qh2+ 24. Kf1 $18) 24. exf4 e3
25. Nf5 exf2+ 26. Kf1 $18) 23. Rcd1 Rg6 24. Nxc8 Rxc8 25. Rxd7 e4 26. Rxe7+ $1
Kxe7 27. Nh4 Rg5 28. Nxf5+ $1 Kf8 (28... Rxf5 29. Qxg4 $18) 29. Nd6 Rb8 30.
Nxe4 Rg6 31. Qf3 Kg8 (31... Qh2+ 32. Kf1 Qh5 33. Ke2 $18) 32. Qf4 Rf8 33. f3
$138 (33. Nd6 $1 Qh2+ 34. Kf1 Qh5 35. Rd4 $18) 33... Nf6 (33... Qh2+ 34. Kf1 f5
35. Rd6 $1 Rg7 36. Ng5 Nf6 37. Kf2 $18) 34. Rd6 Nxe4 35. Rxg6+ fxg6 36. Qxe4
Qa1+ 37. Kh2 Qh8+ 38. Kg1 Qa1+ 39. Bf1 Kg7 40. Qxb7+ Kh6 41. Qe4 Qxa3 42. Bd3
Qa1+ 43. Kg2 Qf6 44. f4 Qf7 45. g4 Re8 46. g5+ Kh7 47. Qd4 $18 Qe6 48. Kf2 Rf8
49. Ke1 $1 Qh3 50. Kd2 Qg2+ 51. Kc3 Qa2 52. Qd7+ Rf7 53. Qh3+ Kg8 54. Bc4 Qa3+
55. Kc2 Qxb4 56. Qe6 1-0

[Event "New York Reshevsky"]
[Site "New York"]
[Date "1992.??.??"]
[Round "3"]
[White "Dzindzichashvili, Roman"]
[Black "Psakhis, Lev"]
[Result "1/2-1/2"]
[WhiteElo "2565"]
[BlackElo "2570"]
[Annotator "Dautov,R"]
[PlyCount "83"]
[EventDate "1992.07.??"]
[EventType "tourn"]
[EventRounds "9"]
[EventCountry "USA"]
[EventCategory "12"]
[SourceTitle "CBM 031"]
[Source "ChessBase"]
[SourceDate "1992.12.01"]
[SourceVersion "1"]
[SourceVersionDate "1992.12.01"]
[SourceQuality "1"]

1. d4 Nf6 2. c4 e6 3. g3 c5 4. Nf3 cxd4 5. Nxd4 Qc7 6. Nd2 a6 (6... Nc6 7. Nb5
Qb8 8. Bg2 a6 9. Nc3 b5 10. O-O Be7 11. c5 Bxc5 12. Nde4 Nxe4 13. Nxe4 Be7 14.
Bf4 e5 15. Be3 O-O 16. Nc3 Bb7 17. Nd5 Bd8 18. Rc1 Re8 19. Qd3 $44 {Rashkovsky,
N-Taimanov,M SSSR(ch) 1976}) 7. Bg2 Nc6 (7... d6 8. O-O Be7 9. b3 O-O 10. Bb2
Bd7 11. Rc1 Nc6 12. Ne4 $14 {Bagirov,V-Grigorian,K SSSR(ch) 1977 24/67}) 8.
Nxc6 dxc6 9. O-O e5 (9... Be7 10. Qc2 O-O 11. b3 e5 12. Bb2 Be6 13. a3 a5 14.
c5 Nd7 15. b4 axb4 16. axb4 $14 {Stean,M-Cebalo,M Smederevska Palanka 1980 29/
(83)}) 10. Qc2 Be6 11. Nf3 (11. b3 Be7 12. Bb2 O-O 13. a3 $14) 11... h6 12. b3
Be7 13. Bb2 Nd7 14. Rfd1 O-O 15. Rd2 Bb4 16. Bc3 Bxc3 17. Qxc3 Rae8 18. Rad1 e4
(18... f5 $5 19. e3 e4 20. Nd4 Ne5 $10) 19. Nd4 Nf6 20. Nxe6 Rxe6 21. e3 Qe5
22. Qb4 $14 {<->d} (22. Qxe5 Rxe5 23. Rd8 Rfe8 $10) 22... Re7 23. Rd6 Rfe8 24.
h3 Kh7 25. Bf1 (25. Qb6 Nd5 26. Qc5 Nf6) 25... Rc7 26. Qb6 (26. c5 $5 Nd5 27.
Qd4 Nc3 28. Rd2 Nb5 29. Qxe5 Rxe5 30. Rd7 Re7 31. Rxe7 Rxe7 32. a4 Nc7 33. Bc4
$14) 26... Ree7 27. R6d2 Rc8 28. Kg2 Rcc7 29. Be2 Nd7 30. Qb4 Nf6 31. Bf1 Nd7
32. Qd6 Qxd6 33. Rxd6 Nf6 34. g4 Red7 $10 35. Kg3 g5 36. Bg2 (36. c5 Kg7 37.
Bc4 Rxd6 38. Rxd6 Rd7 $10) 36... Rxd6 37. Rxd6 Kg7 38. f4 exf3 39. Bxf3 Rd7 40.
Rd4 Kf8 41. Kf2 Ke7 42. Ke2 {[#]} 1/2-1/2

[Event "Berlin Mephisto 1st"]
[Site "Berlin East"]
[Date "1990.05.24"]
[Round "8"]
[White "Krogius, Nikolai V"]
[Black "Romanishin, Oleg M"]
[Result "0-1"]
[WhiteElo "2540"]
[BlackElo "2525"]
[Annotator "Fuchs,R"]
[PlyCount "76"]
[EventDate "1990.05.16"]
[EventType "tourn"]
[EventRounds "9"]
[EventCountry "DDR"]
[EventCategory "11"]
[SourceTitle "EXT 1997"]
[Source "ChessBase"]
[SourceDate "1996.11.15"]
[SourceVersion "1"]
[SourceVersionDate "1996.11.15"]
[SourceQuality "1"]

{SCHACH 6/1990} 1. d4 Nf6 2. c4 e6 3. Nf3 c5 4. Nc3 cxd4 5. Nxd4 Bb4 6. e3 $6
O-O 7. Be2 Ne4 $1 8. Qc2 Nxc3 9. bxc3 Be7 10. O-O Nc6 11. Rd1 Na5 $1 12. Nb3
Qc7 13. Qd3 Nc6 14. c5 {Entledigt sich eines Sorgenkindes, das andere wiegt
jedoch nicht minder schwer.} b6 15. Ba3 bxc5 16. Bxc5 d5 17. Rab1 a5 18. Bxe7
Nxe7 19. Qd4 Ba6 20. Bxa6 Rxa6 21. Nc5 Rc6 22. Rb7 Qc8 23. Rxe7 Rxc5 24. Ra7
Qc6 25. g3 Rc4 26. Qe5 Qb6 27. Re7 h6 28. Rd4 Qb1+ 29. Kg2 Qxa2 30. Ra7 a4 31.
Rxc4 Qxc4 32. Qd4 Qc6 33. h4 $6 ({Oder} 33. Rxa4 $2 e5 $1) ({Doch konnte Weiss
mit} 33. Qxa4 Qxc3 {usw. mehr Widerstand leisten.}) 33... Ra8 $1 34. Kh2 a3 35.
Qf4 Rxa7 36. Qb8+ Kh7 37. Qxa7 Qxc3 38. h5 Qc2 $1 0-1